000 00498nam a22001817a 4500
005 20230403155037.0
008 230401b |||||||| |||| 00| 0 eng d
020 _a978-9393553-52-2
041 _aeng
082 _a615. ALL-A
100 _aALLEN,COVD V. AND MC . PHERSON, TIMOTHY
_97724
245 _aANSEL'S PHARMACEUTICAL DOSAGE FORMS AND DRUG DELIVERY SYSTEMS
250 _a12th ed.
260 _bWOLTER
_c2023
300 _a656;P.
650 _aPHARMACY
_xB. PHARMA
_97725
942 _cBK
999 _c8277
_d8275